| 000 | 00584nam a2200193 a 4500 | ||
|---|---|---|---|
| 008 | |||
| 020 | _a058224742X (pbk.) | ||
| 049 | _aMAIN | ||
| 090 |
_aREF PE3721 _bLON |
||
| 245 | 1 | 0 |
_aLongman essential activator : _bPut your ideas into words / _cLongman. |
| 260 |
_aHarlow : _bAddison Wesley Longman Limited, _c1997. |
||
| 300 |
_avii, 997 p. : _bill. ; _c22 cm. |
||
| 650 | 1 |
_aDictionaries _xEnglish. |
|
| 907 |
_a.b10276063 _b31-03-10 _c31-03-10 |
||
| 003 | |||
| 005 | 20230123125019.0 | ||
| 040 | _cNUST | ||
| 942 |
_cBOOKS _kREF PE3721 _mLON |
||
| 999 |
_c134182 _d134182 |
||